[Event "I Weekend A"]
[Site "Trieste ITA"]
[Date "1997.??.??"]
[Round "5"]
[White "Ruzzier, Dario"]
[Black "Varini, Massimo"]
[Result "1/2-1/2"]
[WhiteElo "2115"]
[BlackElo "2065"]
[PlyCount "79"]
[EventDate "1997.??.??"]

1. d4 f5 2. c4 e6 3. g3 c6 4. Bg2 d5 5. Nf3 Nf6 6. O-O Bd6 7. Qc2 Ne4 8. Nc3
Nd7 9. Rb1 a5 10. a3 Ndf6 11. Ne5 Nxc3 12. bxc3 O-O 13. cxd5 cxd5 14. c4 Qc7
15. Qa2 Bxe5 16. dxe5 Ne4 17. cxd5 Qxe5 18. dxe6 Bxe6 19. Qb2 Qxb2 20. Rxb2 Bd5
21. Bf4 Bc6 22. Rc1 Rf7 23. e3 Re8 24. f3 Nf6 25. Rc5 Nd5 26. Rxa5 Nxe3 27.
Bxe3 Rxe3 28. Kf2 Rc3 29. Rd2 g6 30. f4 Rc1 31. Bxc6 bxc6 32. Ra2 c5 33. Ra8+
Kg7 34. Rc8 c4 35. a4 c3 36. a5 Rd7 37. Ke2 Rh1 38. Ke3 Re1+ 39. Kf2 Rc1 40.
Ke3 1/2-1/2

[Event "I Weekend A"]
[Site "Trieste ITA"]
[Date "1997.??.??"]
[Round "6"]
[White "Jovic, Stanoje"]
[Black "Sorgo, Roberto"]
[Result "1-0"]
[WhiteElo "2365"]
[BlackElo "1759"]
[PlyCount "49"]
[EventDate "1997.??.??"]

1. c4 f5 2. b4 Nf6 3. Bb2 e6 4. Qb3 Be7 5. g3 O-O 6. Bg2 d6 7. Nh3 c6 8. d4 Qe8
9. Nd2 Bd8 10. Nf4 g5 11. Nd3 Bc7 12. h4 h6 13. hxg5 hxg5 14. e4 e5 15. dxe5
dxe5 16. O-O-O fxe4 17. Nxe4 Nxe4 18. Bxe4 Bf5 19. c5+ Kg7 20. Bxf5 Rxf5 21. f4
Nd7 22. Qc2 Qe6 23. g4 Rff8 24. Nxe5 Nxe5 25. Qh7+ 1-0

[Event "I Weekend A"]
[Site "Trieste ITA"]
[Date "1997.??.??"]
[Round "6"]
[White "Miele, Roberto"]
[Black "Kusterle, Francesco"]
[Result "1-0"]
[WhiteElo "1708"]
[BlackElo "1623"]
[PlyCount "127"]
[EventDate "1997.??.??"]

1. e4 c5 2. Nf3 a6 3. d4 cxd4 4. Nxd4 Nf6 5. Nc3 e5 6. Nb3 Bb4 7. Bd3 d5 8.
exd5 e4 9. Be2 Nxd5 10. O-O Bxc3 11. bxc3 Nxc3 12. Qxd8+ Kxd8 13. Bc4 b5 14.
Bxf7 Ke7 15. Bh5 Nc6 16. Bg5+ Kd7 17. Rfe1 Rf8 18. Bd2 Nd5 19. Rxe4 Kc7 20. Bf3
Bf5 21. Ree1 Rad8 22. Bg5 Rd6 23. Rad1 h6 24. Bh4 g5 25. Bg3 Nf4 26. Rxd6 Kxd6
27. h4 Ne5 28. Bb7 Bxc2 29. hxg5 hxg5 30. f3 Ned3 31. Re4 Bxb3 32. axb3 a5 33.
Rd4+ Kc5 34. Re4 Rf7 35. Bc8 Rf6 36. Kf1 Kd5 37. Bb7+ Kc5 38. Kg1 Rf8 39. Bf2+
Nxf2 40. Kxf2 Kb6 41. Re7 Rd8 42. Be4 Rd2+ 43. Ke3 Rxg2 44. Re5 a4 45. bxa4
bxa4 46. Re8 a3 47. Ra8 a2 48. Bh7 Kc5 49. Rc8+ Kb6 50. Ra8 Re2+ 51. Kd4 Re7
52. Bg8 Ne2+ 53. Kd3 Nc1+ 54. Kd2 a1=Q 55. Rxa1 Nb3+ 56. Bxb3 Kb5 57. Rb1 Kc5
58. Bc2 Rf7 59. Be4 Kd4 60. Rb4+ Ke5 61. Ke3 Ra7 62. Rb5+ Kf6 63. Rf5+ Kg7 64.
Rxg5+ 1-0

[Event "I Weekend A"]
[Site "Trieste ITA"]
[Date "1997.??.??"]
[Round "6"]
[White "Stolfa, Rodolfo"]
[Black "Musco, Ilia"]
[Result "0-1"]
[WhiteElo "1642"]
[BlackElo "1654"]
[PlyCount "94"]
[EventDate "1997.??.??"]

1. d4 d5 2. c4 e6 3. Nf3 c5 4. dxc5 Bxc5 5. cxd5 exd5 6. e3 Nf6 7. Nc3 Nc6 8.
Bb5 O-O 9. O-O Bg4 10. Bxc6 bxc6 11. Na4 Bd6 12. Qd4 Qe7 13. Nd2 c5 14. Qc3 Qc7
15. h3 Bd7 16. Qc2 Bc6 17. Re1 Qe7 18. Nf3 Rac8 19. Nc3 Qb7 20. Nh4 d4 21. Nf5
Rfd8 22. exd4 cxd4 23. Nxd6 Rxd6 24. Bf4 Rdd8 25. f3 dxc3 26. bxc3 Nd5 27. Be5
Bd7 28. Rab1 Qc6 29. Rb3 Be6 30. Ra3 Nb4 31. Qb1 Nd3 32. Re3 Qc5 33. Bd4 Qxa3
34. Qxd3 Qxa2 35. Re5 Rd5 36. f4 Rxe5 37. Bxe5 f6 38. Bd4 Qd5 39. Qg3 Kf7 40.
Bxa7 Ra8 41. Bd4 Ra2 42. h4 Qf5 43. Bf2 Ra1+ 44. Kh2 Bd5 45. c4 Qb1 46. Qh3
Qh1+ 47. Kg3 Ra3+ 0-1

[Event "I Weekend A"]
[Site "Trieste ITA"]
[Date "1997.??.??"]
[Round "6"]
[White "Visintin, Roberto"]
[Black "Ruzzier, Dario"]
[Result "1-0"]
[WhiteElo "1839"]
[BlackElo "2115"]
[PlyCount "79"]
[EventDate "1997.??.??"]

1. e4 e5 2. Nf3 Nc6 3. Bc4 Bc5 4. d3 Nf6 5. c3 d5 6. exd5 Nxd5 7. Qb3 O-O 8.
Bxd5 Na5 9. Qd1 Qxd5 10. b4 e4 11. dxe4 Qxe4+ 12. Qe2 Qg6 13. bxc5 Be6 14. Ne5
Qxg2 15. Qf3 Qxf3 16. Nxf3 Bd5 17. Nbd2 Rfe8+ 18. Kf1 Nc4 19. Rg1 Rad8 20. Nd4
Ne5 21. Rg3 h5 22. h3 Ng6 23. N2f3 h4 24. Rg4 Bc4+ 25. Kg1 Be2 26. Be3 Rxd4 27.
Nxd4 Bxg4 28. hxg4 Re4 29. g5 Ne5 30. Kg2 Nc4 31. Kf3 Re7 32. Rh1 Ne5+ 33. Ke2
Ng6 34. Nf5 Re4 35. f3 Ra4 36. Bd4 Rxa2+ 37. Ke3 Rg2 38. Nxh4 Nxh4 39. Rxh4
Rxg5 40. Rg4 1-0

[Event "I Weekend A"]
[Site "Trieste ITA"]
[Date "1997.??.??"]
[Round "7"]
[White "Dilic, Roberto"]
[Black "Varini, Massimo"]
[Result "1/2-1/2"]
[WhiteElo "1923"]
[BlackElo "2065"]
[PlyCount "25"]
[EventDate "1997.??.??"]

1. e4 e5 2. Bc4 Nc6 3. Nf3 Bc5 4. O-O Nf6 5. d3 O-O 6. c3 d6 7. a4 a6 8. h3 h6
9. Qe2 Ba7 10. Be3 Bxe3 11. fxe3 Qe7 12. Qf2 Be6 13. Nbd2 1/2-1/2

[Event "I Weekend A"]
[Site "Trieste ITA"]
[Date "1997.??.??"]
[Round "7"]
[White "Jovic, Stanoje"]
[Black "Visintin, Roberto"]
[Result "1-0"]
[WhiteElo "2365"]
[BlackElo "1839"]
[PlyCount "93"]
[EventDate "1997.??.??"]

1. c4 c5 2. Nf3 Nf6 3. Nc3 Nc6 4. g3 e5 5. Bg2 Be7 6. O-O O-O 7. Ne1 Ne8 8. Nc2
d6 9. Ne3 Be6 10. Ned5 Qd7 11. Qa4 Bd8 12. a3 Bh3 13. b4 Bxg2 14. Kxg2 f5 15.
d3 b6 16. e3 Qb7 17. Kg1 Bf6 18. Ra2 e4 19. dxe4 Bxc3 20. Qxc6 Qxc6 21. Ne7+
Kh8 22. Nxc6 fxe4 23. Bb2 cxb4 24. axb4 Bxb2 25. Rxb2 Rc8 26. b5 a5 27. Rd1 Rf6
28. Ne7 Rxc4 29. Nd5 Rf5 30. Nxb6 Rcc5 31. Nd5 Nf6 32. b6 Nd7 33. Nc7 d5 34.
Na6 Rc8 35. b7 Rcf8 36. Rc1 Kg8 37. Rc8 R5f6 38. Nc7 a4 39. Nxd5 Ra6 40. b8=Q
Nxb8 41. Rxf8+ Kxf8 42. Rxb8+ Kf7 43. Rb7+ Kg6 44. Rb2 Kf5 45. Ra2 Ke5 46. Nc3
a3 47. Nb1 1-0

[Event "I Weekend A"]
[Site "Trieste ITA"]
[Date "1997.??.??"]
[Round "7"]
[White "Pellis, Franco"]
[Black "Musco, Ilia"]
[Result "0-1"]
[WhiteElo "1600"]
[BlackElo "1654"]
[PlyCount "98"]
[EventDate "1997.??.??"]

1. Nf3 d5 2. e3 c5 3. b3 Nc6 4. Bb2 Bg4 5. Be2 e6 6. O-O Nf6 7. Ne5 Bxe2 8.
Qxe2 Bd6 9. f4 Qc7 10. Nxc6 Qxc6 11. Na3 a6 12. c4 Be7 13. f5 d4 14. exd4 cxd4
15. fxe6 fxe6 16. Rae1 O-O 17. Qxe6+ Qxe6 18. Rxe6 Bc5 19. d3 Ng4 20. Rfe1 Nf2
21. R1e5 Nxd3 22. Rd5 Nf4 23. Rxc5 Nxe6 24. Rd5 Rad8 25. Nc2 Nf4 26. Nxd4 Rxd5
27. cxd5 Nxd5 28. Ne6 Rf7 29. a3 Nf4 30. Nxf4 Rxf4 31. Bc3 g6 32. a4 Kf7 33. a5
Ke6 34. b4 Kd5 35. g3 Rf3 36. Bd2 Kc4 37. Kg2 Rd3 38. Be1 Rd1 39. Bf2 Rd2 40.
Kf3 Rxf2+ 41. Kxf2 Kxb4 42. h4 Kxa5 43. g4 Kb4 44. h5 a5 45. hxg6 hxg6 46. Ke3
Kc3 47. Kf4 a4 48. Kg5 a3 49. Kxg6 a2 0-1

[Event "I Weekend A"]
[Site "Trieste ITA"]
[Date "1997.??.??"]
[Round "7"]
[White "Ruzzier, Dario"]
[Black "Solinas, Carlo"]
[Result "1/2-1/2"]
[WhiteElo "2115"]
[BlackElo "1949"]
[PlyCount "112"]
[EventDate "1997.??.??"]

1. d4 Nf6 2. c4 g6 3. Nc3 Bg7 4. e4 d6 5. f3 O-O 6. Be3 Nc6 7. Nge2 a6 8. Qd2
Rb8 9. Bh6 b5 10. Bxg7 Kxg7 11. Nc1 bxc4 12. Bxc4 e5 13. d5 Nd4 14. Nb3 Nxb3
15. Bxb3 Nh5 16. O-O-O Bd7 17. g4 Nf4 18. h4 a5 19. Ba4 Bxa4 20. Nxa4 Rb4 21.
b3 Qd7 22. Rh2 Rfb8 23. Qc3 Qb5 24. Qc2 h6 25. Nb2 Qb6 26. Nc4 Qc5 27. Re1 a4
28. Nb2 axb3 29. axb3 Qa5 30. Re3 Qa1+ 31. Kd2 Rd4+ 32. Nd3 Qg1 33. Rhe2 Nxe2
34. Rxe2 Qf1 35. Qxc7 Ra8 36. Ke3 Ra2 37. Nc1 Rxe2+ 38. Nxe2 Qd1 39. Qc3 f6 40.
Nxd4 exd4+ 41. Qxd4 Qxb3+ 42. Kf4 g5+ 43. hxg5 hxg5+ 44. Kg3 Qb1 45. Qa7+ Kg6
46. Kg2 Qd3 47. Qb6 Qd2+ 48. Qf2 Qd3 49. Qb2 Kg7 50. Kf2 Kg6 51. Qe2 Qd4+ 52.
Kg2 Kg7 53. Qc2 Qe3 54. Qc7+ Kg6 55. Qxd6 Qe2+ 56. Kg3 Qe1+ 1/2-1/2

[Event "I Weekend A"]
[Site "Trieste ITA"]
[Date "1997.??.??"]
[Round "8"]
[White "Musco, Ilia"]
[Black "Visintin, Roberto"]
[Result "0-1"]
[WhiteElo "1654"]
[BlackElo "1839"]
[PlyCount "52"]
[EventDate "1997.??.??"]

1. e4 Nf6 2. e5 Nd5 3. Nc3 Nxc3 4. dxc3 d6 5. Nf3 Nc6 6. Bb5 Bd7 7. Qe2 a6 8.
Bd3 g6 9. Bf4 Bg4 10. Be4 Bg7 11. Bxc6+ bxc6 12. Rd1 O-O 13. h3 Bxf3 14. Qxf3
Qb8 15. Bc1 Qb5 16. exd6 exd6 17. Rd3 Rfe8+ 18. Kd1 Re5 19. Re3 Rae8 20. Rhe1
Rxe3 21. Bxe3 Qxb2 22. Qxc6 Rf8 23. Bd2 Qb1+ 24. Ke2 Qxc2 25. Qxc7 Bh6 26. Qxd6
Bxd2 0-1

[Event "I Weekend A"]
[Site "Trieste ITA"]
[Date "1997.??.??"]
[Round "8"]
[White "Quercioli, Riccardo"]
[Black "Miele, Roberto"]
[Result "1-0"]
[WhiteElo "1633"]
[BlackElo "1708"]
[PlyCount "101"]
[EventDate "1997.??.??"]

1. e4 e5 2. Nc3 Nc6 3. f4 exf4 4. Nf3 Be7 5. Bc4 Bh4+ 6. Kf1 d6 7. Nxh4 Qxh4 8.
Nd5 Bg4 9. Be2 Bxe2+ 10. Qxe2 O-O-O 11. Qf2 Qxf2+ 12. Kxf2 g5 13. b3 Ne5 14. d4
Nd7 15. Bb2 c6 16. Nb4 Ngf6 17. Kf3 Rhe8 18. Rae1 h6 19. Nd3 d5 20. e5 Ne4 21.
Re2 Nf8 22. g3 Ne6 23. gxf4 gxf4 24. Nxf4 Rg8 25. Nh3 Rg6 26. Nf2 N6g5+ 27. Ke3
Re8 28. Rg1 f5 29. h4 f4+ 30. Kd3 f3 31. Rxe4 dxe4+ 32. Ke3 Rf8 33. hxg5 hxg5
34. Rg4 Rh8 35. Kxe4 Rh2 36. Kxf3 Rg8 37. Kg3 Rh6 38. c4 Kd7 39. d5 cxd5 40.
cxd5 Rf8 41. Rxg5 Ra6 42. Rg7+ Kc8 43. a3 Ra5 44. d6 Rd5 45. Bc3 a5 46. Ne4
Rd3+ 47. Kg4 b6 48. e6 Rf1 49. Rc7+ Kb8 50. e7 Rg1+ 51. Kf4 1-0

[Event "I Weekend A"]
[Site "Trieste ITA"]
[Date "1997.??.??"]
[Round "8"]
[White "Solinas, Carlo"]
[Black "Jovic, Stanoje"]
[Result "0-1"]
[WhiteElo "1949"]
[BlackElo "2365"]
[PlyCount "84"]
[EventDate "1997.??.??"]

1. e4 c6 2. Nc3 d5 3. Qf3 e6 4. d4 Qb6 5. Bd3 Qxd4 6. Nge2 Qb6 7. exd5 cxd5 8.
O-O Nc6 9. Bf4 Nf6 10. Qg3 Nh5 11. Qh4 Nxf4 12. Nxf4 Be7 13. Qg4 O-O 14. Qh5 h6
15. Ng6 fxg6 16. Qxg6 Rf6 17. Qh7+ Kf7 18. Rae1 Qxb2 19. Re3 Bd6 20. Be2 Be5
21. Bh5+ Kf8 22. Qh8+ Ke7 23. Qe8+ Kd6 24. Rxe5 Qxc3 25. Re3 Qxc2 26. Rg3 g5
27. Bd1 Qg6 28. Qh8 Rb8 29. Bh5 Bd7 30. Qxb8+ Nxb8 31. Bxg6 Rxg6 32. Rb3 Bc6
33. f3 Nd7 34. Kf2 Nc5 35. Ra3 a6 36. Ke3 e5 37. Rc1 d4+ 38. Kd2 Rf6 39. Ra5
Ne6 40. Re1 Bd5 41. Rb1 Nf4 42. Rg1 Bc6 0-1

[Event "I Weekend A"]
[Site "Trieste ITA"]
[Date "1997.??.??"]
[Round "8"]
[White "Stolfa, Rodolfo"]
[Black "Pellis, Franco"]
[Result "0-1"]
[WhiteElo "1642"]
[BlackElo "1600"]
[PlyCount "45"]
[EventDate "1997.??.??"]

1. d4 d6 2. c4 Nf6 3. Nc3 g6 4. e4 c6 5. Nge2 Bg7 6. Ng3 O-O 7. f3 Re8 8. Be3
Nbd7 9. Be2 e5 10. d5 cxd5 11. Nxd5 Nxd5 12. cxd5 Nb6 13. Qd2 Bd7 14. O-O Nc8
15. Rac1 Ne7 16. Rc2 f5 17. Bg5 f4 18. Bxe7 Qb6+ 19. Kh1 Rxe7 20. Rfc1 fxg3 21.
Rc7 gxh2 22. Qg5 Rf7 23. R7c2 0-1

[Event "Torneo"]
[Site "Vicenza ITA"]
[Date "1997.??.??"]
[Round "?"]
[White "Lanzani, Mario"]
[Black "Lostuzzi, Manlio"]
[Result "1/2-1/2"]
[WhiteElo "2370"]
[BlackElo "2340"]
[PlyCount "26"]
[EventDate "1997.??.??"]

1. e4 e5 2. f4 exf4 3. Nf3 d5 4. exd5 Nf6 5. Bc4 Nxd5 6. O-O Nc6 7. d4 Bg4 8.
c3 Qd7 9. h3 Bxf3 10. Qxf3 O-O-O 11. Bxf4 Nxf4 12. Qxf4 f6 13. Nd2 Bd6 1/2-1/2

[Event "Torneo"]
[Site "Villafranca di Verona ITA"]
[Date "1997.??.??"]
[Round "?"]
[White "Negro, Roberto"]
[Black "Luciani, Valerio"]
[Result "1-0"]
[WhiteElo "2118"]
[BlackElo "2180"]
[PlyCount "73"]
[EventDate "1997.??.??"]

1. d4 d5 2. Nf3 Nf6 3. c4 c6 4. Nc3 e6 5. Bg5 dxc4 6. e4 b5 7. e5 h6 8. Bh4 g5
9. Nxg5 hxg5 10. Bxg5 Nbd7 11. g3 Bb7 12. Bg2 Qc7 13. exf6 O-O-O 14. O-O Bh6
15. h4 Rdg8 16. Ne4 c5 17. Qe2 cxd4 18. a4 b4 19. a5 Qc6 20. a6 Ba8 21. Ra5 Kd8
22. Qd2 Qb6 23. Ra4 c3 24. bxc3 dxc3 25. Qd3 Bc6 26. Raa1 Bb5 27. Qf3 Bxa6 28.
Rfd1 Bb7 29. Qd3 Qc6 30. Rxa7 Bxg5 31. hxg5 Rxg5 32. Qxd7+ Qxd7 33. Rxd7+ Kxd7
34. Rxb7+ Kc8 35. Rxb4 Rd5 36. Rc4+ Kd8 37. Nxc3 1-0

[Event "C.to Provinciale VT"]
[Site "Viterbo ITA"]
[Date "1997.??.??"]
[Round "1"]
[White "Palamides, Carmine"]
[Black "Massetti, Gianfranco"]
[Result "0-1"]
[WhiteElo "1800"]
[BlackElo "1764"]
[PlyCount "114"]
[EventDate "1997.??.??"]

1. e4 Nc6 2. d4 d5 3. Nc3 e6 4. Nf3 Bb4 5. e5 b6 6. Bb5 Bd7 7. Bg5 Nge7 8. Qe2
h6 9. Bh4 g5 10. Bg3 Nf5 11. Bxc6 Bxc6 12. a3 Be7 13. O-O-O a5 14. Rhe1 Qd7 15.
h4 g4 16. Nh2 h5 17. Nf1 b5 18. Ne3 Nxh4 19. Rh1 Ng6 20. f4 b4 21. f5 exf5 22.
e6 fxe6 23. Nb1 Bg5 24. Nd2 bxa3 25. bxa3 Bb5 26. c4 Bxc4 27. Nexc4 dxc4 28.
Qxc4 h4 29. Rde1 Kf7 30. Be5 Rhb8 31. Rhf1 Ne7 32. Bf4 Bxf4 33. Rxf4 Qd6 34.
Qa2 Rb6 35. Ree4 Rab8 36. Nc4 Qd5 37. Re5 Rb1+ 38. Kd2 R8b2+ 39. Qxb2 Rxb2+ 40.
Nxb2 Qxg2+ 41. Re2 Qg3 42. Nd3 Ng6 43. Re3 Qh2+ 44. Rf2 Qd6 45. Rfe2 h3 46. Re1
h2 47. Kc2 h1=Q 48. Rxh1 Qc6+ 49. Nc5 Qxh1 50. Nxe6 Qc6+ 51. Nc5 f4 52. Rc3 g3
53. Nd3 Qxc3+ 54. Kxc3 g2 55. a4 g1=Q 56. d5 f3 57. d6 cxd6 0-1

[Event "C.to Provinciale VT"]
[Site "Viterbo ITA"]
[Date "1997.??.??"]
[Round "4"]
[White "Giorni, Moreno"]
[Black "Massetti, Gianfranco"]
[Result "1/2-1/2"]
[WhiteElo "1900"]
[BlackElo "1764"]
[PlyCount "65"]
[EventDate "1997.??.??"]

1. d4 c6 2. Nf3 Nf6 3. c3 d5 4. e3 Bf5 5. Nh4 Bg6 6. Nxg6 hxg6 7. Nd2 Nbd7 8.
Bd3 Qc7 9. h3 e5 10. a4 e4 11. Be2 c5 12. b3 cxd4 13. cxd4 Bb4 14. Ba3 Bxa3 15.
Rxa3 Rc8 16. Ra1 O-O 17. O-O Qd6 18. Rc1 Rc7 19. Rxc7 Qxc7 20. Qc1 Rc8 21. Qxc7
Rxc7 22. Rd1 Rc2 23. Kf1 Kf8 24. Ke1 Ke7 25. Rb1 Kd6 26. Kd1 Rc6 27. f3 Nb6 28.
a5 exf3 29. gxf3 Nc8 30. e4 dxe4 31. fxe4 Kc7 32. Rc1 Rxc1+ 33. Kxc1 1/2-1/2

[Event "III Weekend B"]
[Site "Ivrea ITA"]
[Date "1997.03.??"]
[Round "1"]
[White "Saccani, Ettore"]
[Black "Tortora, Franco"]
[Result "1/2-1/2"]
[WhiteElo "1582"]
[BlackElo "1552"]
[PlyCount "131"]
[EventDate "1997.03.01"]

1. e4 e6 2. d4 d5 3. Nc3 Nf6 4. e5 Ne4 5. Nxe4 dxe4 6. Be3 c5 7. c3 Nc6 8. Bc4
Qb6 9. Bb3 cxd4 10. cxd4 Bb4+ 11. Kf1 O-O 12. Ne2 Qd8 13. Qc2 f5 14. exf6 Qxf6
15. Qxe4 Ba5 16. Nf4 Re8 17. d5 Nd8 18. Rd1 Bd7 19. dxe6 Bc6 20. Qc4 Rc8 21.
Qd4 Qf5 22. e7+ Nf7 23. Ne6 Qg6 24. Ng5 Rxe7 25. Qg4 Rd8 26. Nxf7 Rxd1+ 27.
Bxd1 Bb5+ 28. Kg1 Qd3 29. Nh6+ Kh8 30. h4 Bc7 31. g3 Bd7 32. Qe2 Qxe2 33. Bxe2
gxh6 34. Kg2 Be5 35. b3 Bg7 36. Rd1 b6 37. Kf1 Bf6 38. Bc4 Rf7 39. Bd4 Kg7 40.
Bxf6+ Kxf6 41. Rd6+ Kg7 42. a4 Bc8 43. Bd5 Ba6+ 44. Kg2 Bc8 45. b4 Rc7 46. Rc6
Rxc6 47. Bxc6 Kf6 48. Kf3 h5 49. Kf4 h6 50. f3 Be6 51. g4 hxg4 52. fxg4 Bb3 53.
g5+ hxg5+ 54. hxg5+ Kg7 55. a5 bxa5 56. bxa5 Bc4 57. Be4 Be2 58. Ke5 Kf7 59.
Kd6 a6 60. Bb7 Kg6 61. Kc5 Kxg5 62. Kb6 Kf6 63. Bxa6 Bf3 64. Bb7 Be2 65. Bc6
Ke5 66. a6 1/2-1/2

[Event "III Weekend B"]
[Site "Ivrea ITA"]
[Date "1997.03.??"]
[Round "2"]
[White "Tonello, Andrea"]
[Black "Saccani, Ettore"]
[Result "1-0"]
[WhiteElo "1600"]
[BlackElo "1582"]
[PlyCount "49"]
[EventDate "1997.03.01"]

1. e4 e6 2. d4 d5 3. Nc3 Bb4 4. e5 c5 5. a3 Bxc3+ 6. bxc3 Ne7 7. Nf3 Nbc6 8.
Be2 c4 9. a4 Qa5 10. Qd2 Bd7 11. Ba3 O-O 12. O-O Qc7 13. Nh4 f6 14. f4 f5 15.
Rf3 Rf7 16. Rh3 g6 17. Nf3 a6 18. Ng5 Rg7 19. Qe1 Bc8 20. Rh6 Kh8 21. Bd6 Qd7
22. Rh3 Ng8 23. Bf8 Nd8 24. Bxg7+ Qxg7 25. Rxh7+ 1-0

[Event "III Weekend B"]
[Site "Ivrea ITA"]
[Date "1997.03.??"]
[Round "3"]
[White "Saccani, Ettore"]
[Black "De Paulis, Sergio"]
[Result "0-1"]
[WhiteElo "1582"]
[BlackElo "1600"]
[PlyCount "66"]
[EventDate "1997.03.01"]

1. e4 e6 2. d4 d5 3. Nc3 Nf6 4. e5 Nfd7 5. Nf3 c5 6. Ne2 Nc6 7. c3 Qb6 8. Qc2
Qc7 9. Bf4 b6 10. Ng3 a5 11. Bb5 Ba6 12. Bxa6 Rxa6 13. O-O c4 14. Ng5 b5 15.
Rfe1 b4 16. Rab1 a4 17. Re3 b3 18. axb3 cxb3 19. Qd1 Ne7 20. Rf3 Ng6 21. Nxf7
Kxf7 22. Bg5+ Ke8 23. Qe2 Qc8 24. Nh5 h6 25. Bd2 Ne7 26. Rg3 Nf5 27. Rg6 Qb7
28. g4 Nh4 29. Nxg7+ Kf7 30. Nh5 Kxg6 31. Qd3+ Kf7 32. Nf4 Be7 33. Nh3 Raa8 0-1

[Event "III Weekend B"]
[Site "Ivrea ITA"]
[Date "1997.03.??"]
[Round "4"]
[White "Berutti, Mario"]
[Black "Saccani, Ettore"]
[Result "1-0"]
[WhiteElo "1558"]
[BlackElo "1582"]
[PlyCount "129"]
[EventDate "1997.03.01"]

1. e4 e6 2. d4 d5 3. exd5 exd5 4. Nf3 Nf6 5. Bd3 Bd6 6. O-O O-O 7. Bg5 Be6 8.
Nbd2 Nbd7 9. c4 c6 10. c5 Bc7 11. b4 h6 12. Bh4 a6 13. Bg3 Re8 14. Bxc7 Qxc7
15. a4 b5 16. axb5 axb5 17. Qc2 Bg4 18. Ra2 Ra7 19. Rfa1 Rea8 20. Qb2 Nf8 21.
Ra3 Ne6 22. R1a2 Nf4 23. Bf1 Ne4 24. Ne5 Rxa3 25. Rxa3 Rxa3 26. Qxa3 Nxd2 27.
Nxg4 f6 28. Qg3 Kf7 29. Ne3 Nxf1 30. Kxf1 Ne6 31. Qxc7+ Nxc7 32. Ke2 Na6 33.
Nc2 Ke6 34. Kf3 h5 35. g4 hxg4+ 36. Kxg4 g6 37. h4 Nc7 38. f4 Kf7 39. f5 Ne8
40. fxg6+ Kxg6 41. h5+ Kh6 42. Kf5 Kxh5 43. Ke6 Kg6 44. Kd7 Kf7 45. Kxc6 Ke6
46. Kxb5 Kd7 47. Ka6 Nc7+ 48. Kb6 f5 49. b5 f4 50. c6+ Kc8 51. Ka5 Kb8 52. b6
Ne8 53. Ka6 Nd6 54. b7 Ne8 55. Kb6 f3 56. c7+ Nxc7 57. Nb4 Na8+ 58. bxa8=Q+
Kxa8 59. Nxd5 f2 60. Ne3 Kb8 61. Kc6 Kc8 62. d5 Kd8 63. d6 Kc8 64. d7+ Kd8 65.
Nf1 1-0

[Event "IX Festival 2N"]
[Site "Porto San Giorgio ITA"]
[Date "1997.08.20"]
[Round "1"]
[White "Colabrese, Cary"]
[Black "Scotta, Piergiorgio"]
[Result "0-1"]
[WhiteElo "1633"]
[BlackElo "1690"]
[PlyCount "82"]
[EventDate "1997.08.20"]

1. d4 g6 2. c4 Bg7 3. Nc3 d6 4. Nf3 Nc6 5. Bf4 Bg4 6. e3 e5 7. d5 exf4 8. dxc6
fxe3 9. cxb7 exf2+ 10. Kxf2 Rb8 11. Qa4+ Kf8 12. Be2 Rxb7 13. Qc2 Qb8 14. b3
Bf5 15. Bd3 Ne7 16. Rae1 c6 17. Bxf5 Nxf5 18. Qd3 Rd7 19. c5 d5 20. Re2 Qb4 21.
Ne5 Qxc5+ 22. Kf1 Re7 23. Ne4 Qc1+ 24. Re1 Qf4+ 25. Nf3 Rxe4 26. Rxe4 Qxe4 27.
Qa6 Bd4 28. Nxd4 Nxd4 29. Qa3+ Kg7 30. Qb2 Qe3 31. h4 Re8 32. Qa1 Qe2+ 33. Kg1
Qe1+ 34. Qxe1 Rxe1+ 35. Kh2 Rxh1+ 36. Kxh1 Kf6 37. Kh2 Kf5 38. Kh3 h5 39. g3
Ne2 40. a3 Nf4+ 41. gxf4 Kxf4 0-1

[Event "IX Festival 2N"]
[Site "Porto San Giorgio ITA"]
[Date "1997.08.21"]
[Round "2"]
[White "Colabrese, Cary"]
[Black "Mangiavacchi, Leonardo"]
[Result "1-0"]
[WhiteElo "1633"]
[BlackElo "1597"]
[PlyCount "79"]
[EventDate "1997.08.20"]

1. d4 d5 2. c4 c6 3. cxd5 cxd5 4. Nc3 Nf6 5. Bf4 Nc6 6. e3 e6 7. Bd3 Qa5 8.
Nge2 Nh5 9. O-O Nxf4 10. Nxf4 Bd7 11. a3 Rc8 12. b4 Qc7 13. Nfe2 a6 14. b5 axb5
15. Nxb5 Qa5 16. Qb3 Na7 17. Nxa7 Qxa7 18. Bb5 Bc6 19. Rfc1 Bd6 20. a4 Kd7 21.
f4 Rc7 22. f5 Ke7 23. fxe6 fxe6 24. Rf1 Rg8 25. Bxc6 Rxc6 26. Nc3 Qb8 27. h3
Qc8 28. Nb5 Rb6 29. Qd3 g6 30. Nxd6 Rxd6 31. Qa3 Qe8 32. Qb4 h6 33. Rac1 Qd7
34. a5 Ra8 35. Rc5 Ke8 36. Qe1 Qe7 37. Qg3 b6 38. axb6 Rxb6 39. Qe5 Rbb8 40.
Rc7 1-0

[Event "IX Festival 2N"]
[Site "Porto San Giorgio ITA"]
[Date "1997.08.22"]
[Round "3"]
[White "Borino, Paolo"]
[Black "Casartelli, Fabio"]
[Result "1-0"]
[WhiteElo "1675"]
[BlackElo "1594"]
[PlyCount "53"]
[EventDate "1997.08.20"]

1. f4 b6 2. Nf3 Bb7 3. e3 Nf6 4. b3 e6 5. Bb2 Be7 6. Be2 d6 7. O-O O-O 8. h3
Ne4 9. Qe1 Bf6 10. c3 Nd7 11. b4 d5 12. d3 Nd6 13. g4 c5 14. a3 c4 15. Nbd2 b5
16. Qg3 Rc8 17. Rac1 Nb6 18. Ne5 cxd3 19. Bxd3 Bh4 20. Qf3 f6 21. g5 fxe5 22.
Bxh7+ Kh8 23. Qh5 Bxg5 24. fxg5 Nf7 25. Bg6+ Nh6 26. gxh6 Rf6 27. hxg7+ 1-0

[Event "IX Festival 2N"]
[Site "Porto San Giorgio ITA"]
[Date "1997.08.22"]
[Round "3"]
[White "Rende, Pierandrea"]
[Black "Colabrese, Cary"]
[Result "1-0"]
[WhiteElo "1600"]
[BlackElo "1633"]
[PlyCount "126"]
[EventDate "1997.08.20"]

1. e4 e5 2. Nf3 Nf6 3. Nxe5 d6 4. Nf3 Nxe4 5. d3 Nf6 6. Nc3 Be7 7. Be2 O-O 8.
h3 c6 9. Be3 d5 10. Qd2 b5 11. O-O Bd7 12. a4 b4 13. Na2 c5 14. c3 bxc3 15.
bxc3 Bxa4 16. Nc1 Bc6 17. Nb3 Nbd7 18. Na5 Bb5 19. Rfb1 a6 20. c4 dxc4 21. dxc4
Ne4 22. Qc2 Bf6 23. Qxe4 Bxa1 24. Rxa1 Qf6 25. Qb1 Bc6 26. Ng5 g6 27. Nxc6 Qxc6
28. Bf3 Qf6 29. Bxa8 Rxa8 30. Ra3 Rb8 31. Qa1 Qf5 32. Kh2 Rb1 33. Qc3 Rb6 34.
Rb3 Rd6 35. Qb2 f6 36. Rb8+ Kg7 37. Rb7 Kg8 38. Nf3 g5 39. Qb1 Qe6 40. Rb2 g4
41. hxg4 Qxg4 42. Rd2 Qh5+ 43. Kg1 Rb6 44. Qe4 Ne5 45. Nxe5 Qxe5 46. Qxe5 fxe5
47. Bxc5 Rc6 48. Bd6 e4 49. c5 Kf7 50. Re2 Ke6 51. Rxe4+ Kd5 52. Rh4 a5 53. Ra4
Ra6 54. Kf1 Kc6 55. f4 Kb5 56. Ra1 Ra8 57. f5 Ra7 58. Kf2 a4 59. Kf3 a3 60. Ke4
a2 61. Kd4 Ra5 62. f6 Kb4 63. f7 Ra8 1-0

[Event "IX Festival 2N"]
[Site "Porto San Giorgio ITA"]
[Date "1997.08.23"]
[Round "4"]
[White "Perna, Vincenzo"]
[Black "Colabrese, Cary"]
[Result "0-1"]
[WhiteElo "1600"]
[BlackElo "1633"]
[PlyCount "126"]
[EventDate "1997.08.20"]

1. e4 e5 2. Bc4 Nf6 3. Nc3 Nxe4 4. Qh5 Nd6 5. Qxe5+ Qe7 6. Qxe7+ Bxe7 7. Bb3
O-O 8. Nf3 Na6 9. O-O Nc5 10. Nd5 Bd8 11. Re1 Nde4 12. d3 Nxb3 13. axb3 Nc5 14.
Be3 Na6 15. Bd2 d6 16. Nd4 Bd7 17. Ne7+ Kh8 18. Nd5 c6 19. Nc3 Bf6 20. Be3 Nb4
21. Rac1 d5 22. Na4 b6 23. Bd2 Nxd3 24. cxd3 Bxd4 25. Re7 Rad8 26. Bc3 Bxc3 27.
bxc3 Kg8 28. d4 Rfe8 29. Rce1 Rxe7 30. Rxe7 Kf8 31. Re3 Re8 32. Rxe8+ Kxe8 33.
b4 Bf5 34. Nb2 Kd7 35. Kf1 Bb1 36. Ke2 Kc7 37. Nd1 Kb7 38. Ne3 f5 39. f4 Ka6
40. Kd2 Kb5 41. Kc1 Be4 42. Kb2 Ka4 43. g3 a5 44. bxa5 bxa5 45. c4 dxc4 46.
Nxc4 Kb4 47. Ne5 a4 48. h3 a3+ 49. Ka1 c5 50. dxc5 Kxc5 51. Ka2 Kb4 52. h4 Bd5+
53. Ka1 Kc3 54. g4 fxg4 55. Nxg4 Kd3 56. f5 h5 57. Ne5+ Ke4 58. Ng6 Kxf5 59.
Ne7+ Ke4 60. Ng6 Bf7 61. Nh8 Be6 62. Ng6 a2 63. Nh8 Kf5 0-1

[Event "IX Festival 2N"]
[Site "Porto San Giorgio ITA"]
[Date "1997.08.23"]
[Round "4"]
[White "Rizzardi, Franco"]
[Black "Scalcione, Michelangelo"]
[Result "0-1"]
[WhiteElo "1564"]
[BlackElo "1600"]
[PlyCount "60"]
[EventDate "1997.08.20"]

1. e4 c5 2. Nf3 d6 3. d4 cxd4 4. Nxd4 Nf6 5. Nc3 a6 6. Be2 e6 7. Be3 Qc7 8. g4
b5 9. g5 b4 10. gxf6 bxc3 11. fxg7 Bxg7 12. b3 Bb7 13. Rg1 Bf6 14. Bh5 Ke7 15.
Qf3 Nd7 16. Bg5 Rhg8 17. Qf4 h6 18. Bxf6+ Nxf6 19. Rxg8 Rxg8 20. Be2 Qc5 21.
Rd1 Rg1+ 22. Bf1 Rg4 23. Qxh6 Rxe4+ 24. Ne2 a5 25. Qh8 Ba6 26. h3 Qe5 27. Rd3
Rxe2+ 28. Bxe2 Bxd3 29. cxd3 c2 30. Qc8 Qb2 0-1